00434nam a2200157Ia 4500008004100000020001800041082001200059100002100071245004600092250000700138260003900145300003100184500001900215600002700234650001500261240925s9999 xx 000 0 und d a9781425806859 a607 PAR aParis, Stephanie 0aInteractive Whiteboards Made Easy Level 6 aNA aNew York:bShell Educationc,2011. axxviii,1002p.b0fOriginal aIncludes Index aElectrical Engineering aTechnology